Methods of air sampling and analysis. (Record no. 354232)

000 -LEADER
fixed length control field 01244pam a2200301 a 4500
001 - CONTROL NUMBER
control field 4801106
003 - CONTROL NUMBER IDENTIFIER
control field NUST
005 - DATE AND TIME OF LATEST TRANSACTION
control field 20180118093310.0
008 - FIXED-LENGTH DATA ELEMENTS--GENERAL INFORMATION
fixed length control field 880408s1989 nyua b 001 0 eng
010 ## - LIBRARY OF CONGRESS CONTROL NUMBER
LC control number 88011462
020 ## - INTERNATIONAL STANDARD BOOK NUMBER
International Standard Book Number 0873711416
040 ## - CATALOGING SOURCE
Original cataloging agency DLC
Transcribing agency DLC
Modifying agency DLC
050 00 - LIBRARY OF CONGRESS CALL NUMBER
Classification number TD890
Item number .M488 1989
082 00 - DEWEY DECIMAL CLASSIFICATION NUMBER
Classification number 628.53 LOD
Edition number 19
245 00 - TITLE STATEMENT
Title Methods of air sampling and analysis.
Statement of responsibility, etc. Editor, James P.Lodge
250 ## - EDITION STATEMENT
Edition statement 3rd ed. /
Remainder of edition statement James P. Lodge, Jr., editor.
260 ## - PUBLICATION, DISTRIBUTION, ETC.
Place of publication, distribution, etc. [New York, N.Y.] :
Name of publisher, distributor, etc. Intersociety Committee ;
Place of publication, distribution, etc. Chelsea, Mich. :
Name of publisher, distributor, etc. Lewis Publishers,
Date of publication, distribution, etc. c1989.
300 ## - PHYSICAL DESCRIPTION
Extent xx, 763 p. :
Other physical details ill. ;
Dimensions 25 cm.
500 ## - GENERAL NOTE
General note H.B
504 ## - BIBLIOGRAPHY, ETC. NOTE
Bibliography, etc. note Includes bibliographies and index.
650 #0 - SUBJECT ADDED ENTRY--TOPICAL TERM
Topical term or geographic name entry element Air
General subdivision Pollution
-- Measurement
-- Handbooks, manuals, etc.
9 (RLIN) 8576
650 #0 - SUBJECT ADDED ENTRY--TOPICAL TERM
Topical term or geographic name entry element Air
General subdivision Analysis
-- Handbooks, manuals, etc.
9 (RLIN) 8577
700 1# - ADDED ENTRY--PERSONAL NAME
Personal name Lodge, James P.
9 (RLIN) 8578
710 2# - ADDED ENTRY--CORPORATE NAME
Corporate name or jurisdiction name as entry element Intersociety Committee.
9 (RLIN) 8579
856 42 - ELECTRONIC LOCATION AND ACCESS
Materials specified Publisher description
Uniform Resource Identifier <a href="http://www.loc.gov/catdir/enhancements/fy0801/88011462-d.html">http://www.loc.gov/catdir/enhancements/fy0801/88011462-d.html</a>
906 ## - LOCAL DATA ELEMENT F, LDF (RLIN)
a 7
b cbc
c orignew
d 1
e ocip
f 19
g y-gencatlg
942 ## - ADDED ENTRY ELEMENTS (KOHA)
Source of classification or shelving scheme
Koha item type Book
Call number prefix IESE
Holdings
Withdrawn status Lost status Source of classification or shelving scheme Damaged status Not for loan Collection code Permanent Location Current Location Shelving location Date acquired Total Checkouts Full call number Barcode Date last seen Price effective from Koha item type
            Institute of Environmental Science and Engineering (IESE) Institute of Environmental Science and Engineering (IESE) General Stacks 01/18/2018   628.53 LOD IESE-598 01/18/2018 01/18/2018 Book
© 2023 Central Library, National University of Sciences and Technology. All Rights Reserved.